La joven que despertó mujer / (Record no. 70362)

MARC details
000 -LEADER
campo de control de longitud fija 00630nam a2200217 i 4500
001 - NÚMERO DE CONTROL
campo de control 70362
003 - IDENTIFICADOR DE NÚMERO DE CONTROL
campo de control ES-MaACL
005 - FECHA Y HORA DE LA ÚLTIMA TRANSACCIÓN
campo de control 20250804054023.0
007 - CAMPO FIJO DE DESCRIPCIÓN FÍSICA--INFORMACIÓN GENERAL
campo de control de longitud fija t|
008 - DATOS DE LONGITUD FIJA--INFORMACIÓN GENERAL
campo de control de longitud fija 040722s1962 sp ||||1| spa d
080 ## - NÚMERO DE LA CLASIFICACIÓN DECIMAL UNIVERSAL
Número de la Clasificación Decimal Universal 248.1
100 1# - ENTRADA PRINCIPAL--NOMBRE DE PERSONA
Nombre de persona García-Salve, Francisco.
9 (RLIN) 55252
245 13 - MENCIÓN DEL TÍTULO
Título La joven que despertó mujer /
Mención de responsabilidad, etc. Francisco García-Salve.
260 ## - PUBLICACIÓN, DISTRIBUCIÓN, ETC.
Lugar de publicación, distribución, etc. Madrid :
Nombre del editor, distribuidor, etc. Studium,
Fecha de publicación, distribución, etc. [1962]
300 ## - DESCRIPCIÓN FÍSICA
Extensión 149 p., 10 lám. ;
Dimensiones 20 cm.
490 1# - MENCIÓN DE SERIE
Mención de serie Muchacha cristiana ;
Designación de volumen o secuencia 36
650 #7 - PUNTO DE ACCESO ADICIONAL DE MATERIA--TÉRMINO DE MATERIA
Término de materia o nombre geográfico como elemento de entrada Vida cristiana
Fuente del encabezamiento o término embne
9 (RLIN) 17790
830 1# - PUNTO DE ACCESO ADICIONAL DE SERIE-TÍTULO UNIFORME
Título uniforme Muchacha cristiana ;
Designación de volumen o secuencia 36
9 (RLIN) 183666
852 4# - LOCALIZACIÓN
Ubicación ES-MaACL
Número de control de estantería C-25324
Holdings
Estatus retirado Estado de pérdida Estado de daño No para préstamo Biblioteca de origen Biblioteca actual Ubicación en estantería Fecha de adquisición Fuente de adquisición Total de préstamos Signatura topográfica completa Código de barras Visto por última vez Precio de reemplazo Tipo de ítem Koha
        Biblioteca del Ateneo de Madrid Biblioteca del Ateneo de Madrid Depósito 2 17/01/2008     C-25324 1073681 23/02/2023 23/02/2023 Libro impreso